[Event "La Fere op"]
[Site "La Fere"]
[Date "2010.07.07"]
[Round "6"]
[White "Obert, Julien"]
[Black "Cassol, Robert"]
[Result "1-0"]
[WhiteElo "1797"]
[BlackElo "1360"]
[PlyCount "43"]
[EventDate "2010.07.03"]
[EventType "swiss"]
[EventRounds "9"]
[EventCountry "FRA"]
[SourceTitle "CBM 137 Extra"]
[Source "ChessBase"]
[SourceDate "2010.09.01"]
[SourceVersion "1"]
[SourceVersionDate "2010.09.01"]
[SourceQuality "1"]

1. e4 c5 2. Nf3 d6 3. d4 cxd4 4. Nxd4 Nf6 5. Nc3 g6 6. Be3 Bg7 7. f3 Bd7 8. Qd2 h5 9. h4 a6 10. 0-0-0 Nc6 11. Kb1 Nxd4 12. Bxd4 Rc8 13. e5 dxe5 14. Bxe5 Qa5 15. Bxf6 0-0 16. Bxg7 Be6 17. Bxf8 Rxc3 18. Qxc3 Qxa2+ 19. Kc1 f6 20. Bxe7 Bf5 21. Bc4+ Be6 22. Bxa2 1-0

[Event "La Fere op"]
[Site "La Fere"]
[Date "2010.07.06"]
[Round "5"]
[White "Gaubert, Virginie"]
[Black "Obert, Julien"]
[Result "1/2-1/2"]
[WhiteElo "1642"]
[BlackElo "1797"]
[PlyCount "50"]
[EventDate "2010.07.03"]
[EventType "swiss"]
[EventRounds "9"]
[EventCountry "FRA"]
[SourceTitle "CBM 137 Extra"]
[Source "ChessBase"]
[SourceDate "2010.09.01"]
[SourceVersion "1"]
[SourceVersionDate "2010.09.01"]
[SourceQuality "1"]

1. c4 Nc6 2. Nc3 e5 3. Nf3 f5 4. d4 e4 5. Bg5 Be7 6. Bxe7 Ncxe7 7. Nd2 Nf6 8. e3 d6 9. Qb3 c6 10. Be2 Qb6 11. 0-0 Qxb3 12. axb3 0-0 13. Ra2 Bd7 14. Rfa1 a6 15. Na4 Rad8 16. Nb6 Nc8 17. Nxd7 Rxd7 18. b4 Ne7 19. Nb3 Rc7 20. Ra5 Nd7 21. Kf1 Rfc8 22. Ke1 d5 23. c5 Nf6 24. Kd2 g5 25. Rf1 Rf8 1/2-1/2

[Event "FRA-ch U20"]
[Site "Troyes"]
[Date "2010.04.17"]
[Round "8"]
[White "Obert, Julien"]
[Black "Favarel, Antoine"]
[Result "0-1"]
[WhiteElo "1797"]
[BlackElo "2231"]
[PlyCount "112"]
[EventDate "2010.04.11"]
[EventType "swiss"]
[EventRounds "9"]
[EventCountry "FRA"]
[SourceTitle "EXT 2012"]
[Source "ChessBase"]
[SourceDate "2011.11.24"]
[SourceVersion "1"]
[SourceVersionDate "2011.11.24"]
[SourceQuality "1"]

1. e4 c5 2. Nf3 Nc6 3. d4 cxd4 4. Nxd4 Nf6 5. Nc3 e5 6. Ndb5 d6 7. Nd5 Nxd5 8. exd5 Nb8 9. c4 Be7 10. Be2 0-0 11. 0-0 a6 12. Nc3 f5 13. f4 Nd7 14. Qc2 g6 15. Be3 Bf6 16. Rad1 Re8 17. Rfe1 b6 18. Qd2 Bb7 19. Bf1 Qc7 20. Rc1 Re7 21. b3 Rae8 22. Kh1 exf4 23. Bxf4 Rxe1 24. Rxe1 Be5 25. Ne2 Nf6 26. Ng3 Qd7 27. h3 Kf7 28. Bxe5 dxe5 29. Qf2 Qd6 30. Bd3 Kg8 31. Bb1 e4 32. Ne2 Nh5 33. g3 b5 34. Kg2 bxc4 35. bxc4 Rc8 36. Qd4 e3 37. Kh2 Qb4 38. Rc1 a5 39. Qxe3 Ng7 40. Qd4 Qa3 41. Rc3 Qb2 42. Qd1 Ba6 43. Qc2 Qb4 44. a3 Qc5 45. Nf4 Qd4 46. Ne6 Nxe6 47. dxe6 f4 48. Ba2 Re8 49. c5 Kg7 50. c6 Rf8 51. g4 f3 52. e7 Qe5+ 53. Kh1 Qe1+ 54. Kh2 Qxe7 55. c7 Qe5+ 56. Kh1 f2 0-1